سلسلة قصص دونالد داك / (رقم التسجيلة. 99075)
[ عرض عادي ]
| 000 -LEADER | |
|---|---|
| fixed length control field | 00488nam a22001697a 4500 |
| 005 - DATE AND TIME OF LATEST TRANSACTION | |
| control field | 20251108173229.0 |
| 008 - FIXED-LENGTH DATA ELEMENTS--GENERAL INFORMATION | |
| fixed length control field | 250721s9999 xx 000 0 ara d |
| 082 14 - DEWEY DECIMAL CLASSIFICATION NUMBER | |
| Classification number | ط/ق/داك |
| 100 1# - MAIN ENTRY--PERSONAL NAME | |
| Personal name | فرحات، عماد |
| Relator term | مترجم |
| 245 10 - TITLE STATEMENT | |
| Title | سلسلة قصص دونالد داك / |
| 264 1# - PRODUCTION, PUBLICATION, DISTRIBUTION, MANUFACTURE, AND COPYRIGHT NOTICE | |
| Place of production, publication, distribution, manufacture | بيروت : |
| Name of producer, publisher, distributor, manufacturer | دار القبس، |
| 650 17 - SUBJECT ADDED ENTRY--TOPICAL TERM | |
| Topical term or geographic name as entry element | القصص العربية |
| 650 17 - SUBJECT ADDED ENTRY--TOPICAL TERM | |
| Topical term or geographic name as entry element | أدب الأطفال |
| 700 1# - ADDED ENTRY--PERSONAL NAME | |
| Personal name | داك، دونالد |
| 942 ## - ADDED ENTRY ELEMENTS (KOHA) | |
| Source of classification or shelving scheme | Dewey Decimal Classification |
| Koha item type | كتب |
| حالة السحب | حالة الفقدان | مصدر التصنيف | حالة التلف | غير قابل للإعارة | المكتبة الرئيسية | المكتبة الحالية | موقع الرف | تاريخ التزويد | الرقم المتسلسل | Total Checkouts | رقم الإستدعاء | الباركود | تاريخ آخر ظهور | تاريخ الفاتورة | نوع المادة (كوها) |
|---|---|---|---|---|---|---|---|---|---|---|---|---|---|---|---|
| Dewey Decimal Classification | مكتبة قتيبة للأطفال | مكتبة قتيبة للأطفال | الأطفال | 28/07/2025 | 894037 | ط/ق/داك | 894037 | 28/07/2025 | 28/07/2025 | كتب | |||||
| Dewey Decimal Classification | مكتبة البيادر | مكتبة البيادر | الأطفال | 28/07/2025 | 1010422 | ط/ق/داك | 1010422 | 28/07/2025 | 28/07/2025 | كتب | |||||
| Dewey Decimal Classification | مكتبة عدن للأطفال | مكتبة عدن للأطفال | الأطفال | 28/07/2025 | 894913 | ط/ق/داك | 894913 | 28/07/2025 | 28/07/2025 | كتب |